| 000 | 00561cam a2200145 4500 | ||
|---|---|---|---|
| 001 | L108087 | ||
| 008 | 000000n 000 0 eng u | ||
| 035 | _a(Sirsi) u108087 | ||
| 041 | _aeng | ||
| 245 | _aProject Management Insight | ||
| 520 | _aOnline newsletter by Project Management International plc. Currently has 6 issues online including articles on making PFI work and the joys of moving office. | ||
| 690 |
_aProject management _96261 |
||
| 856 | 4 | 0 |
_uhttps://opmi.pminsight.org.uk _zView the website free of charge at opmi.pminsight.org.uk... |
| 942 | _n0 | ||
| 999 |
_c119621 _d119621 |
||